The tale of squirrel Nutkin : (Record no. 7045)

MARC details
000 -LEADER
fixed length control field 00798nam a22002297a 4500
001 - CONTROL NUMBER
control field 7045
003 - CONTROL NUMBER IDENTIFIER
control field FISKH
005 - DATE AND TIME OF LATEST TRANSACTION
control field 20250619110145.0
008 - FIXED-LENGTH DATA ELEMENTS--GENERAL INFORMATION
fixed length control field 250619b cb ||||| |||| 00| 0 eng d
020 ## - INTERNATIONAL STANDARD BOOK NUMBER
International Standard Book Number 9780721410203
040 ## - CATALOGING SOURCE
Original cataloging agency FISKH
Language of cataloging eng
Transcribing agency FISKH
Modifying agency FISKH
050 ## - LIBRARY OF CONGRESS CALL NUMBER
Classification number PZ7.P85 T
082 ## - DEWEY DECIMAL CLASSIFICATION NUMBER
Classification number 823.912
100 ## - MAIN ENTRY--PERSONAL NAME
Personal name Hately, David
245 ## - TITLE STATEMENT
Title The tale of squirrel Nutkin :
Remainder of title Base on the original story by Beatrix Potter /
260 ## - PUBLICATION, DISTRIBUTION, ETC.
Place of publication, distribution, etc. Loughborougt :
Name of publisher, distributor, etc. Ladybird Book,
Date of publication, distribution, etc. 1987.
300 ## - PHYSICAL DESCRIPTION
Extent 26 pages :
Other physical details color illustrations ;
Dimensions 18 cm
520 ## - SUMMARY, ETC.
Summary, etc. Squirrel Nutkin would rather ask an old owl riddles than gather nuts with the other squirrels.
650 ## - SUBJECT ADDED ENTRY--TOPICAL TERM
Topical term or geographic name entry element Classic Animal Tale
Form subdivision English Countryside
General subdivision Mischief & Morality
Chronological subdivision Respect & Consequences
942 ## - ADDED ENTRY ELEMENTS (KOHA)
Source of classification or shelving scheme Dewey Decimal Classification
Koha item type Books
Suppress in OPAC No
Holdings
Withdrawn status Lost status Source of classification or shelving scheme Damaged status Not for loan Collection Home library Current library Shelving location Date acquired Total Checkouts Full call number Barcode Date last seen Copy number Price effective from Koha item type
    Dewey Decimal Classification     Juvenile Fiction Footprints International School Library Network Toul Kork Campus Footprints International School Library Network Toul Kork Campus A TK Campus, 4th Floor, Room B401, Fiction Bookcases (1-6) 06/19/2025   HAT 823.912 PZ7.P85 T FISTK03944 06/19/2025 1 06/19/2025 Books